000 00505nam a2200217Ia 4500
001 1389
003 GE_BSU
008 181216s||||||||xx |||||||||||||| ||und||
020 _a9992879606
040 _cGE_BSU
080 _a811.111(075.8)
100 _aMegrelishvili, madona.
245 4 _aThe Theory of English Grammar.
260 _aKutaisi
260 _c2009
300 _a143c.
541 _h80G.
653 _aEnglish Grammar.
653 _aინგლისური ენა
942 _cBK
999 _c35528
_d35528